Literacy Situation in Asia and the Pacific: (Record no. 20936)
[ view plain ]
| 000 -LEADER | |
|---|---|
| fixed length control field | 00497nam a22001697a 4500 |
| 003 - CONTROL NUMBER IDENTIFIER | |
| control field | BDDh-ASL |
| 005 - DATE AND TIME OF LATEST TRANSACTION | |
| control field | 20231015025942.0 |
| 008 - FIXED-LENGTH DATA ELEMENTS--GENERAL INFORMATION | |
| fixed length control field | 210117s1984 th ||||| |||| 00| 0 eng d |
| 040 ## - CATALOGING SOURCE | |
| Transcribing agency | BDDh-ASL |
| 082 ## - DEWEY DECIMAL CLASSIFICATION NUMBER | |
| Classification number | 302.2244 |
| Item number | UNE |
| 110 1# - MAIN ENTRY--CORPORATE NAME | |
| 9 (RLIN) | 2788 |
| Corporate name or jurisdiction name as entry element | Unesco Regional Office |
| 245 00 - TITLE STATEMENT | |
| Title | Literacy Situation in Asia and the Pacific: |
| Remainder of title | country Studies China / |
| 260 ## - PUBLICATION, DISTRIBUTION, ETC. | |
| Place of publication, distribution, etc. | Bangkok: |
| Name of publisher, distributor, etc. | Unesco Regional Office, |
| Date of publication, distribution, etc. | 1984. |
| 300 ## - PHYSICAL DESCRIPTION | |
| Extent | 48 p.: |
| Dimensions | 23 cm. |
| 650 #0 - SUBJECT ADDED ENTRY--TOPICAL TERM | |
| 9 (RLIN) | 2391 |
| Topical term or geographic name entry element | Social Science |
| 942 ## - ADDED ENTRY ELEMENTS (KOHA) | |
| Source of classification or shelving scheme | Dewey Decimal Classification |
| Koha item type | Books |
| Withdrawn status | Lost status | Source of classification or shelving scheme | Damaged status | Not for loan | Collection code | Home library | Current library | Shelving location | Date acquired | Source of acquisition | Total Checkouts | Full call number | Barcode | Date last seen | Copy number | Price effective from | Koha item type |
|---|---|---|---|---|---|---|---|---|---|---|---|---|---|---|---|---|---|
| Dewey Decimal Classification | Non-fiction | Asiatic Society Library | Asiatic Society Library | General Stacks | 01/17/2021 | Complementary | 302.2244 UNE | 104447 | 01/17/2021 | C-1 | 01/17/2021 | Books |